000 00724nam a2200205 a 4500
001 BRL_1514
005 20190320211237.0
008 130214s1989----mx-a######---#000-0#spa-#
041 _aspa
044 _amx
050 4 _aGT4814.A85
_b.H94 1989
245 1 0 _aHuey Atlixcayolt
_buna tradición vigilante
_cConsejo Poblano de Fotografía.
260 _aPuebla, Pue., México
_bSecretaría de Cultura del Gobierno del Estado de Puebla
_cc1989
300 _a151 p.
_bil.
_c20 cm.
610 2 4 _aConsejo Poblano de Fotografía
_927141
650 1 4 _aFestivales
_xTrabajos Ilustrados
_zAtlixco - México
_927142
650 1 4 _aDanza Nahua
_927143
650 1 4 _aNahuas
_xRitos y ceremonias - Trabajos ilustrados
_927144
942 _2lcc
_cB
999 _c10324
_d10324